[Event "Rijeka Paris Memorial 40th"]
[Site "Rijeka"]
[Date "2019.10.24"]
[Round "8"]
[White "Ledinko, Zvonimir"]
[Black "Vujnovic, Patricija"]
[Result "0-1"]
[WhiteElo "2123"]
[BlackElo "2052"]
[PlyCount "48"]
[EventDate "2019.10.18"]
[EventType "swiss"]
[EventRounds "9"]
[EventCountry "CRO"]
[SourceTitle "CBM 192 Extra"]
[Source "Chessbase"]
[SourceDate "2019.11.06"]
[SourceVersion "1"]
[SourceVersionDate "2019.11.06"]
[SourceQuality "1"]

1. e4 c6 2. d4 d5 3. exd5 cxd5 4. Nf3 Nc6 5. c3 Qc7 6. Bd3 Bg4 7. h3 Bxf3 8. Qxf3 Nxd4 9. cxd4 Qxc1+ 10. Ke2 Qxb2+ 11. Nd2 Qxd4 12. Rhc1 Nf6 13. Nb3 Qe5+ 14. Kf1 a6 15. Nc5 e6 16. Re1 Qc7 17. Rxe6+ fxe6 18. Nxe6 Qb6 19. Re1 Kf7 20. Bf5 Bd6 21. Ng5+ Kf8 22. Ne6+ Kg8 23. Rb1 Qc6 24. Ng5 Re8 0-1

[Event "Rijeka Paris Memorial 40th"]
[Site "Rijeka"]
[Date "2019.10.20"]
[Round "3"]
[White "Ledinko, Zvonimir"]
[Black "Troselj, Ivan"]
[Result "0-1"]
[WhiteElo "2123"]
[BlackElo "1878"]
[PlyCount "96"]
[EventDate "2019.10.18"]
[EventType "swiss"]
[EventRounds "9"]
[EventCountry "CRO"]
[SourceTitle "CBM 192 Extra"]
[Source "Chessbase"]
[SourceDate "2019.11.06"]
[SourceVersion "1"]
[SourceVersionDate "2019.11.06"]
[SourceQuality "1"]

1. e4 c6 2. d4 d5 3. Nc3 dxe4 4. Nxe4 Nf6 5. Ng3 h5 6. Bc4 h4 7. N3e2 h3 8. gxh3 Nbd7 9. Qd3 Nb6 10. Bb3 e6 11. Bg5 Nbd5 12. a3 Be7 13. h4 Nh5 14. Nf3 Qc7 15. Ne5 b6 16. c4 Ndf6 17. f4 Bb7 18. 0-0-0 Rd8 19. f5 c5 20. fxe6 Qxe5 21. dxe5 Rxd3 22. Ba4+ Kf8 23. Rhf1 Rxd1+ 24. Kxd1 fxe6 25. Nf4 Nxf4 26. Rxf4 Kf7 27. Bc2 Bd8 28. Rf2 Be7 29. Kc1 Bc6 30. b3 Bh1 31. Kb2 Bd8 32. Kc3 Bc7 33. exf6 Be5+ 34. Kd2 gxf6 35. Bf4 Bd4 36. Be3 Rxh4 37. Bxd4 Rxd4+ 38. Kc3 f5 39. b4 Rh4 40. bxc5 bxc5 41. Bxf5 exf5 42. Rxf5+ Ke6 43. Rxc5 Kd6 44. Rf5 Rxh2 45. Rf7 a5 46. Ra7 Rh3+ 47. Kb2 Rh5 48. Rg7 Kc5 0-1

[Event "Primorsko Goranska op"]
[Site "Rijeka"]
[Date "2001.??.??"]
[Round "1"]
[White "Ledinko, Zvonimir"]
[Black "Zelenika, Srdjan"]
[Result "1/2-1/2"]
[WhiteElo "2096"]
[BlackElo "2328"]
[PlyCount "80"]
[EventDate "2001.09.06"]
[EventType "swiss"]
[EventRounds "9"]
[EventCountry "YUG"]
[SourceTitle "EXT 2002"]
[Source "ChessBase"]
[SourceDate "2001.11.25"]
[SourceVersion "1"]
[SourceVersionDate "2001.11.25"]
[SourceQuality "1"]

1. e4 c5 2. d4 cxd4 3. c3 dxc3 4. Nxc3 Nc6 5. Nf3 d6 6. Bc4 e6 7. 0-0 a6 8. a4 Be7 9. Qe2 Nf6 10. Rd1 Qc7 11. Bf4 Nd7 12. Rac1 Qb8 13. Rd2 Nde5 14. Ba2 0-0 15. Rcd1 b5 16. axb5 axb5 17. b4 Ra3 18. Bxe5 dxe5 19. Nxb5 Ba6 20. Bc4 Rxf3 21. gxf3 Bxb5 22. Bxb5 Nd4 23. Rxd4 exd4 24. Rxd4 Qe5 25. Qd3 Bf6 26. Rd7 Ra8 27. f4 Qxf4 28. Ba6 Qc1+ 29. Kg2 Qg5+ 30. Kf1 Qe5 31. Kg2 Qg5+ 32. Kf1 Qf4 33. Kg2 h5 34. b5 Be5 35. h3 Rf8 36. Bb7 f5 37. Qg3 Qxg3+ 38. fxg3 Rf7 39. Rxf7 Kxf7 40. exf5 exf5 1/2-1/2